Puchar Świata - klasyfikacja generalna za sezon 1996/97 - Statystyki

Ogólne statystyki
  • Ten quiz został rozwiązany 14 razy
  • Średni wynik to 36 z 102
Statystyki odpowiedzi
Miejsce Skoczek Narodowość Pkt % Poprawnych
10. Adam Małysz Polska 612
100%
8. Janne Ahonen Finlandia 734
91%
55. Martin Schmitt Niemcy 45
91%
1. Primoz Peterka Słowenia 1402
91%
6. Andreas Goldberger Austria 817
82%
96. Jakub Janda Czechy 3
82%
3. Kazuyoshi Funaki Japonia 1018
82%
29. Masahiko Harada Japonia 156
82%
17. Noriaki Kasai Japonia 351
82%
30. Robert Mateja Polska 154
82%
4. Takanobu Okabe Japonia 941
82%
Wojciech Skupień Polska 16
82%
2. Dieter Thoma Niemcy 1208
73%
42. Jussi Hautamaeki Finlandia 90
73%
59. Sven Hannawald Niemcy 40
73%
15. Andreas Widhoelzl Austria 401
64%
16. Espen Bredesen Norwegia 384
64%
40. Hideharu Miyahira Japonia 94
64%
5. Hiroya Saitoh Japonia 923
64%
19. Martin Hoellwarth Austria 293
64%
63. Risto Jussilainen Finlandia 31
64%
43. Roberto Cecon Włochy 89
64%
25. Akira Higashi Japonia 211
55%
34. Christof Duffner Niemcy 137
55%
9. Jani Soininen Finlandia 657
55%
Kazuhiro Higashi Japonia 18
55%
14. Mika Laitinen Finlandia 440
55%
18. Nicolas Dessum Francja 328
55%
92. Toni Nieminen Finlandia 6
55%
20. Ville Kantee Finlandia 255
55%
12. Ari-Pekka Nikkola Finlandia 464
45%
23. Jaroslav Sakala Czechy 219
45%
7. Kristian Brenden Norwegia 793
45%
11. Lasse Ottesen Norwegia 545
45%
13. Roar Ljoekelsoey Norwegia 462
45%
35. Stefan Horngacher Austria 120
45%
Tommy Ingebrigtsen Norwegia 68
45%
26. Bruno Reuteler Szwajcaria 200
36%
39. Didier Mollard Francja 102
36%
47. Frantisek Jez Czechy 69
36%
56. Henning Stensrud Norwegia 43
36%
Martin Mesik Słowacja 8
36%
53. Michal Dolezal Czechy 53
36%
Naoto Ito Japonia 3
36%
60. Peter Zonta Słowenia 38
36%
27. Sylvain Frelholz Szwajcaria 173
36%
93. Werner Rathmayr Austria 4
36%
Hansjoerg Jaekle Niemcy 219
27%
21. Jakub Suchacek Czechy 242
27%
32. Jerome Gay Francja 151
27%
Kazuhiro Nakamura Japonia 4
27%
51. Kazuya Yoshioka Japonia 59
27%
77. Lucas Chevalier-Girod Francja 13
27%
36. Marco Steinauer Szwajcaria 119
27%
33. Masayuki Sato Japonia 145
27%
31. Reinhard Schwarzenberger Austria 152
27%
22. Sturle Holseter Norwegia 234
27%
67. Urban Franc Słowenia 21
27%
81. Blaz Vrhovnik Słowenia 11
18%
Frode Haare Norwegia 12
18%
88. Greg Siegmund Niemcy 8
18%
28. Haavard Lie Norwegia 160
18%
Ingemar Mayr Austria 14
18%
Jure Radelj Słowenia 12
18%
37. Karl Johanssen Norwegia 115
18%
99. Marko Bogataj Słowenia 2
18%
Matthias Wallner Austria 21
18%
72. Naoki Yasuzaki Japonia 16
18%
41. Pasi Kytosaho Finlandia 93
18%
54. Robert Krenek Czechy 50
18%
46. Roman Krenek Czechy 72
18%
75. Tero Koponen Finlandia 14
18%
Adolf Grugger Austria 2
9%
Alexander Volkov Rosja 22
9%
70. Arve Vorvik Norwegia 18
9%
Christian Meyer Norwegia 4
9%
69. Christian Moser Austria 20
9%
82. Dionis Vodnev Kazachstan 10
9%
64. Egil Groenn Norwegia 29
9%
52. Frank Reichel Niemcy 58
9%
91. Fredrik Johansson Szwecja 7
9%
Gerhard Schallert Austria 8
9%
Hein-Arne Mathiesen Norwegia 32
9%
Jakub Jiroutek Czechy 2
9%
Jani Mattila Finlandia 10
9%
Janne Vaatainen Finlandia 10
9%
Jaroslav Kahanek Czechy 10
9%
38. Kenji Suda Japonia 104
9%
45. Kimmo Savolainen Finlandia 73
9%
58. Marian Bielcik Słowacja 42
9%
78. Markus Eigentler Austria 12
9%
Matija Stegnar Słowenia 3
9%
86. Olaf Hegenbarth Niemcy 9
9%
44. Ralph Gebstedt Niemcy 87
9%
74. Rico Meinel Niemcy 15
9%
50. Robert Meglic Słowenia 65
9%
Ronny Hornschuh Niemcy 43
9%
65. Samo Gostisa Słowenia 22
9%
Sitan Kvarstad Norwegia 2
9%
61. Wilheim Brenna Norwegia 32
9%
Yusuke Kaneko Japonia 9
9%
48. Simen Berntzen Norwegia 68
0%
Nie znaleziono quizów pasujących do podanych kryteriów
Rozkład punktacji
Procent ludzi z każdym wynikiem
Percentyl według liczby udzielonych odpowiedzi
Twoja historia wyników
Nie rozwiązałeś tego quizu